000 00901nam a2200277 a 4500
001 69706
003 BD-RjUL
005 20211209081922.0
008 170413s1980 maua b 001 0 eng d
020 _a0521224209 :
_c$25.00
035 _a(BD-RjUL)69918
040 _aDLC
_cDLC
_dBD-RjUL
_beng
041 _aeng
082 0 0 _a515.3
_223
_bFLD 1980
100 1 _aFlett, T. M.
_9152880
245 1 0 _aDifferential analysis :
_bdifferentiation, differential equations, and differential inequalities /
_cT. M. Flett.
260 _aCambridge ;
_aNew York :
_bCambridge University Press,
_cc1980.
300 _avi, 359 p. :
_bill. ;
_c24 cm.
500 _aIncludes indexes.
504 _aBibliography: p. [339]-350.
650 0 _aDifferential calculus.
_9206463
650 0 _aDifferential equations.
_9206464
650 0 _aDifferential inequalities.
_9206465
942 _2ddc
_cBK
999 _c69706
_d69706